000 02006cam a22004574i 4500
003 PE-LiUPU
005 20250731172817.0
008 150617s r 000 0 d
020 _a8471515237
035 _a(Sirsi) i9788471515230
040 _aPE-LiUPU
_bspa
_cPE-LiUPU
_erda
049 _aPRUA
082 0 4 _a241
_bC18
_221
100 1 _aCalvo Cubillo, Quintín,
_eautor.
245 1 3 _aEl espíritu de la moral cristiana /
_cQuintín Calvo Cubillo.
264 1 _aNavarra, España :
_bVerbo Divino,
_c1987.
300 _a226 páginas ;
_c20 centímetros
336 _atext
_2rdacontent
337 _aunmediated
_2rdamedia
338 _avolume
_2rdacarrier
505 0 _aLo religioso y lo moral. -Un dolor consentido. -De la "buena noticia". -A las malas noticias. -Lo religioso y lo moral. -Una moral religiosa. -Algunas historias, mayores y menores. -Nacida para el confesonario. -"Aguanta y renuncia". -A oscuras (en el siglo de las luces). -De los sacramentos. De la casuística. -¿Puede cambiar la moral?. -En el espíritu de Jesús. -En la pascua del Señor. -Vivir apasionadamente. -Una larga tradición de creatividad. -De la pasión a la compasión: una moral política. -Hacer memoria y celebrar. -Del éxtasis a la adoración. -Cabos sueltos. -¿Una esperanza compartida?.
526 _aSEG42
526 _aSEG41
526 _aSEG40
526 _aSEG39
526 _aP94
526 _aP87
526 _aP86
526 _aP85
526 _aP77
526 _aP76
526 _aP35
650 0 4 _aTeología moral.
910 _ajck
_bjvq
_cjck
_d20150616
942 _2ddc
_cBOOK
949 _a241 C18
_wDEWEY
_c1
_i28526
_lCCODEBUL1
_mBUL
_r0
_sY
_tBOOK
_u2015-4-21
_xTEOLOGIA
_PP35
_0COMPRA
_o.STAFF. Colección General
994 _aC0
_bPEPRU
596 _a1
999 _a241 C18
_wDEWEY
_c4291
_i28526
_d4291
_f2021-11-10
_g6
_lCCODEBUL1
_mBUL
_q1
_r0
_sY
_tBOOK
_u2015-4-21
_xTEOLOGIA
_PP35
_0COMPRA
_o.STAFF. Colección General
980 _81
_gALBERTO SANCHEZ Responsable de Automatización